|
|
|
|
| LEADER |
00719naa a2200181 i 4500 |
| 001 |
acta59338 |
| 005 |
20260224081030.0 |
| 008 |
190704s2003 hu o 100 eng d |
| 040 |
|
|
|a SZTE Egyetemi Kiadványok Repozitórium
|b hun
|
| 041 |
|
|
|a eng
|
| 100 |
1 |
|
|a Vajda Péter
|
| 245 |
1 |
0 |
|a Natural language interface for querying databases
|h [elektronikus dokumentum] /
|c Vajda Péter
|
| 260 |
|
|
|c 2003
|
| 300 |
|
|
|a 318
|
| 490 |
0 |
|
|a Magyar Számítógépes Nyelvészeti Konferencia
|v 1
|
| 695 |
|
|
|a Nyelvészet - számítógép alkalmazása - előadáskivonat
|
| 710 |
|
|
|a Magyar Számítógépes Nyelvészeti Konferencia (1.) (2003) (Szeged)
|
| 856 |
4 |
0 |
|u http://acta.bibl.u-szeged.hu/59338/1/msznykonf_001_318.pdf
|z Dokumentum-elérés
|